| 000 | 01353nam a2200337Ia 4500 | ||
|---|---|---|---|
| 003 | OSt | ||
| 005 | 20250718113040.0 | ||
| 008 | 191128s9999 xx 000 0 und d | ||
| 020 | _a8426130720 | ||
| 040 |
_aCO-JMCR _cCO-JMCR |
||
| 041 | _aspa | ||
| 082 |
_aJ-C _bPRAm |
||
| 100 |
_aPrada Samper, José Manuel de, _eautor _94765 |
||
| 245 | 0 | _aLas mil caras del diablo : cuentos, leyendas y tradiciones / | |
| 245 | 0 | _cJosé Manuel de Prada Samper ; ilustraciones de Luis Filella | |
| 250 | _aSegunda edición | ||
| 260 | _aBarcelona | ||
| 260 | _bJuventud | ||
| 260 | _c2004 | ||
| 300 | _a246 páginas, [6] hojas de láminas | ||
| 300 | _b ilustraciones | ||
| 300 | _c 25 cm | ||
| 440 |
_aCuentos universales _94766 |
||
| 500 | _aBibliografía: páginas 242-246 | ||
| 505 | _aEn el principio -- El pacto peligroso -- El embaucador embaucado -- Una pareja indeseable -- El insolito bienhechor -- El combate desigual -- El gran enemigo -- Encuentros | ||
| 520 | _aA lo lago de sus milenios de historia, el diablo ha recibido muchos nombres: príncipe de las tinieblas, maligno, satanás, lucifer, por sólo citar unos cuantos. Su presencia en el arte, la literatura y la teología es de sobra conocida. | ||
| 546 | _aspa | ||
| 650 |
_aCuentos y leyendas _94767 |
||
| 700 |
_aFilella, Luis, _eilustrador _94768 |
||
| 942 |
_2ddc _cBK |
||
| 999 |
_c4479 _d4479 |
||